000 00450nam a22001817a 4500
003 MPLRDC
005 20220104114039.0
008 210129b ||||| |||| 00| 0 eng d
082 _a782.881 JBW-3
100 _a杨贵麟
245 _a蒋碧微生死恋
_c
250 _a新再版
260 _a
_b世界文物出版社
_c1988
300 _b
490 _a传记. 掌故. 趣闻. 35
650 _a蒋碧微传记
942 _cBK
_o782.881 JBW-3
999 _c4390
_d4380